Izquierdismo y blasfemia (Registro nro. 717554)

Detalles MARC
001 - NÚMERO DE CONTROL
campo de control 1416933
005 - FECHA Y HORA DE LA ÚLTIMA TRANSACCIÓN
campo de control 20240228134905.0
008 - DATOS DE LONGITUD FIJA--INFORMACIÓN GENERAL
campo de control de longitud fija 150730e20150601 spa
035 ## - NÚMERO DE CONTROL DEL SISTEMA
Número de control de sistema 1416933
040 ## - FUENTE DE LA CATALOGACIÓN
Centro/agencia transcriptor comduadb
041 ## - CÓDIGO DE LENGUA
Código de lengua del texto/banda sonora o título independiente spa
100 10 - ENTRADA PRINCIPAL--NOMBRE DE PERSONA
Nombre de persona Pardo, José Luis,
Fechas asociadas al nombre 1954-
Código de función aut
Número de control del registro de autoridad o número normalizado (isni)0000 0001 2122 3789
-- (viaf)17280880
Término indicativo de función/relación Autor/a
9 (RLIN) 510700
245 10 - MENCIÓN DE TÍTULO
Título Izquierdismo y blasfemia
650 ## - PUNTO DE ACCESO ADICIONAL DE MATERIA--TÉRMINO DE MATERIA
Término de materia o nombre geográfico como elemento de entrada Blasfemia
9 (RLIN) 90878
650 ## - PUNTO DE ACCESO ADICIONAL DE MATERIA--TÉRMINO DE MATERIA
Término de materia o nombre geográfico como elemento de entrada Izquierdismo
9 (RLIN) 38194
650 ## - PUNTO DE ACCESO ADICIONAL DE MATERIA--TÉRMINO DE MATERIA
Término de materia o nombre geográfico como elemento de entrada Libertad - Aspectos sociales
9 (RLIN) 207841
650 ## - PUNTO DE ACCESO ADICIONAL DE MATERIA--TÉRMINO DE MATERIA
Término de materia o nombre geográfico como elemento de entrada Libertad - Aspectos eticos
9 (RLIN) 181784
773 0# - ENLACE AL DOCUMENTO FUENTE/ENTRADA DE REGISTRO ANFITRIÓN
Título Claves de Razón Práctica (Madrid)
Parte(s) relacionada(s) Número 240, Mayo-Junio 2015, 17-25
Número de control del registro 164277
Número Internacional Normalizado para Publicaciones Seriadas 1130-3689
Número bibliográfico anfitrión 178102
942 ## - ELEMENTOS DE ENTRADA AGREGADA (KOHA)
Tipo de ítem Koha Artículo de Revista

No hay ítems disponibles.